01611nam a22001457a 4500008004100000020001500041050001700056100001800073245005600091250001200147260004400159300003000203500002000233505121200253140604b xxu||||| |||| 00| 0 eng d a0314041613 aHG3881.M2765 aMadura, Jeff. aInternational financial management. /cJeff Madura. a4th ed. aU.S.A:bWest Publishing Company,c1995. axxx, 753p.:bill.;c26cm. aIncludes index. aContents: The International financial environment: Multinational financial management: an overview -- International flow of funds -- International financial markets -- Exchange rate determination -- Currency futures and options -- Exchange rate behavior: Government influence on exchange rates -- International arbitrage and interest rate parity -- Relationships between inflation, interest rates, and exchange rates -- Exchange rate risk management: Forecasting exchange rates -- Measuring exposure to exchange rate fluctuations -- Managing transaction exposure -- Managing economic exposure and translation exposure -- Short-term asset and liability management: Financing international trade -- Short-term financing -- International cash management -- Long-term asset and liability management: Direct foreign investment -- Multinational capital budgeting -- Multinational cost of capital and capital structure -- Country risk analysis -- Long-term financing -- Global strategic planning -- The International banking environment: International banking -- The International debt crisis and bank assessment of country risk -- Appendix A: Answers to self-test questions -- Fundamentals of regression analysis.